000 01367nam a22004217a 4500
001 0000916
003 KOHA_MİRAKIL
005 20260207001223.0
007 ta
008 100818b2006 tu |||gr||||#||||0|tur |
020 _a9752955169
_cYTL27,69
040 _aTR-BiSEU
_btur
_cTR-BiSEU
_erda
041 0 _atur
044 _ctu
050 _aNC730
_b.K48 2006
100 1 _aKetenci, Hasan Fehmi.
245 1 _aYongaların 10 000 yıllık gizemli dansı :
_bgörsel iletişim ve grafik tasarımı/
_cHasan Fehmi Ketenci ; Hasan Fehmi Ketenci, Can Bilgili.
264 1 _aİstanbul :
_bBeta
_c2006
300 _a335 sayfa
336 _ametin
_btxt
_2rdacontent
337 _aaracısız
_bn
_2rdamedia
338 _acilt
_bnc
_2rdacarrier
490 1 _aBeta Yayınları ;
_v1633.
490 1 _aİletişim Dizisi ;
_v20.
650 0 _aGrafik tasarımı (Basım).
_93508
650 0 _aTasarım.
_92335
650 0 _aGrafik sanatlar--Teknik.
_93509
650 0 _aGörsel iletişim.
_93510
650 0 _aBaskı karakterleri.
_93511
650 0 _aDesign.
_93512
650 0 _aVisual communication.
_93513
650 0 _aGraphic arts--Technique.
_93514
650 0 _aType and type founding.
_93515
650 0 _aGraphic design (Typography).
_93516
830 1 _aBeta Yayınları ;
_v1633.
_93499
830 1 _aİletişim Dizisi ;
_v20.
_93517
942 _2lcc
_cBK
999 _c911
_d911